000 nam a22 7a 4500
999 _c10330
_d10330
008 180213b ||||| |||| 00| 0 eng d
100 _aShankesan, K
_96290
245 _aWork book -VIII
260 _aNew Delhi
_bA P C Publication
_c2012